Manual de procedimientos aplicados por los Juzgados de Policía Local. Ámbito legal, judicial y práctico.

Saved in:
Bibliografiske detaljer
Hovedforfatter: Ahumada Durán, María Rebeca (autora)
Andre forfattere: Ahumada, Francisca L. (autora)
Format: Ukendt
Udgivet: Santiago, Chile: DER Ediciones, 2024.
Udgivelse:Segunda edición.
Serier:Ma. Manuales.
Fag:
Tags: Tilføj Tag
Ingen Tags, Vær først til at tagge denne postø!

MARC

LEADER 00000 a2200000 4500
003 CL-VaPUC
005 20250509155019.0
008 250505t2024 ||||| |||| 00| 0 spa d
999 |c 449272  |d 449270 
020 |a 978-956-405-208-3 
040 |c Pontificia Universidad Católica de Valparaíso 
082 7 |2 22  |a 347.8304 DUR 2024 
100 |a Ahumada Durán, María Rebeca  |9 349  |e autora 
245 |a Manual de procedimientos aplicados por los Juzgados de Policía Local.   |b Ámbito legal, judicial y práctico.  
250 |a Segunda edición.  
260 |a Santiago, Chile:   |b DER Ediciones,  |c 2024. 
300 |a 434 páginas.  
490 |a Ma. Manuales.  
583 |k GC  |c 20250505 
650 |a Juzgados de policia local   |z Chile   |x Organización y funcionamiento   |9 902590 
650 |a Juzgados de policia local   |z Chile   |v Manuales   |9 902591 
700 |9 902561  |a  Ahumada, Francisca L.  |e autora 
942 |2 ddc  |c BK 
952 |0 0  |1 0  |2 ddc  |4 0  |6 347_830400000000000_DUR_2024  |7 0  |8 A  |9 602877  |a BIBDER  |b BIBDER  |d 2025-05-05  |e 22  |g 51993.00  |i 5667404  |o 347.8304 DUR 2024  |p 5667404  |r 2025-05-05  |t 1  |v 51993.00  |w 2025-05-05  |y BK  |k DER